| 000 | 00965nam a22001937a 4500 | ||
|---|---|---|---|
| 008 | 161222s2022 xxk|||||o|||| 00| 0 eng d | ||
| 041 | _aeng | ||
| 110 | _aRoyal Institution of Chartered Surveyors | ||
| 245 |
_aRICS Requirements and Competencies guide _h[Electronic resource] |
||
| 260 |
_aLondon, _bRoyal Institution of Chartered Surveyors, _c2022 |
||
| 300 | _a80p. | ||
| 500 | _aPublished August 2018, updated February 2022 to reflect new Rules of Conduct | ||
| 520 | _aOutlines the Assessment of Professional Competence (APC) pathways. RICS’ pathways and competencies define the knowledge, skills, experience and competence required to become a chartered surveyor. | ||
| 651 | _aInternational | ||
| 690 |
_96216 _aAPC |
||
| 710 | _aRoyal Institution of Chartered Surveyors | ||
| 856 |
_uhttps://www.rics.org/globalassets/rics-website/media/qualify/pathway-guides/pathway-guides-requirements-and-competencies _zAvailable free on RICS.org |
||
| 942 | _n0 | ||
| 999 |
_c121272 _d121272 |
||